000 00615cam a2200217ua 4500
001 16866
008 161116n2009 II |||gr||||Z||||||eng
020 _a978-81-7596-334-4
040 _aMAIN
041 _aEnglish
100 _aSASHI KUMAR , V .
245 _aA COURSE IN LISTENING & SPEAKING ( I) WITH CD
250 _a1ST.
260 _aLONDON
_bCAMBRIDGE UNIVERSITY PRESS
_c2009
300 _a154:
_c22CM.
653 _aStandard usage & applied linguistics
700 _aSASHI KUMAR , V .,
_eAUTHOR.
700 _aDUTTA , P. KIRANMAI .,
_eAUTHOR.,
700 _aRAJEEVAN, GEETHA.,
_eAUTHOR.,
942 _cBK
999 _c16751
_d16751